书目信息 |
| 题名: |
成本会计学
|
|
| 作者: | 王福胜 , 张林 主编 | |
| 分册: | ||
| 出版信息: | 北京 科学出版社 2008.12 |
|
| 页数: | 274页 | |
| 开本: | 24cm | |
| 丛书名: | 中国科学院规划教材·会计学及财务管理系列 | |
| 单 册: | ||
| 中图分类: | F234.2 | |
| 科图分类: | ||
| 主题词: | 成本会计--cheng ben kuai ji--高等学校--教材 | |
| 电子资源: | ||
| ISBN: | 978-7-03-023063-8 | |
| 000 | 01172nam 2200277 450 | |
| 001 | 012009784109 | |
| 005 | 20091128151347.92 | |
| 010 | @a978-7-03-023063-8@dCNY28.00 | |
| 100 | @a20091128d2008 em y0chiy0120 ea | |
| 101 | 0 | @achi |
| 102 | @aCN@b110000 | |
| 105 | @aa a 000yy | |
| 106 | @ar | |
| 200 | 1 | @a成本会计学@Acheng ben kuai ji xue@f王福胜, 张林主编@Fwang fu sheng,zhang lin zhu bian |
| 210 | @a北京@c科学出版社@d2008.12 | |
| 215 | @a274页@c图@d24cm | |
| 225 | 2 | @a中国科学院规划教材·会计学及财务管理系列@Azhong guo ke xue yuan gui hua jiao cai·kuai ji xue ji cai wu guan li xi lie |
| 320 | @a有书目 | |
| 330 | @a本书在概要介绍成本会计目标、职能、任务、工作组织和制度框架的基础上,详尽阐述了制造企业成本核算的基本原理和主要成本核算方法。同时对商品流通企业、建筑施工企业、交通运输企业、房地产开发企业等各类企业的生产经营特点和成本核算特点作了概要介绍。 | |
| 410 | 0 | @12001 @a中国科学院规划教材·会计学及财务管理系列 |
| 606 | 0 | @a成本会计@Acheng ben kuai ji@x高等学校@j教材 |
| 690 | @aF234.2@v4 | |
| 701 | 0 | @a王福胜@Awang fu sheng@4主编 |
| 701 | 0 | @a张林@Azhang lin@4主编 |
| 801 | 0 | @aCN@bQSSK@c20091128 |
| 905 | @b766770-72@dF234.2@eW176@f3 | |
| 成本会计学/王福胜, 张林主编.-北京:科学出版社,2008.12 |
| 274页:图;24cm.-(中国科学院规划教材·会计学及财务管理系列) |
| ISBN 978-7-03-023063-8:CNY28.00 |
| 本书在概要介绍成本会计目标、职能、任务、工作组织和制度框架的基础上,详尽阐述了制造企业成本核算的基本原理和主要成本核算方法。同时对商品流通企业、建筑施工企业、交通运输企业、房地产开发企业等各类企业的生产经营特点和成本核算特点作了概要介绍。 |
| ● |
| 相关链接 |
|
|
|
正题名:成本会计学
索取号:F234.2/W176
 
预约/预借
| 序号 | 登录号 | 条形码 | 馆藏地/架位号 | 状态 | 备注 |
| 1 | 766770 | 207667700 | 社科库409/409社科库 77排2列3层/ [索取号:F234.2/W176] | 在馆 | |
| 2 | 766771 | 207667719 | 社科库409/409社科库 77排2列3层/ [索取号:F234.2/W176] | 在馆 | |
| 3 | 766772 | 207667728 | 社科库409/409社科库 77排2列3层/ [索取号:F234.2/W176] | 在馆 |